[Event "XII Festival A"]
[Site "Campobasso ITA"]
[Date "2005.07.08"]
[Round "1"]
[White "Di Carlo, Romeo"]
[Black "Viterbo, Luca"]
[Result "1-0"]
[WhiteElo "2085"]
[BlackElo "1802"]
[PlyCount "102"]
[EventDate "2005.07.08"]

1. d4 f5 2. g3 Nf6 3. Bg2 d5 4. c4 e6 5. Nc3 Be7 6. Qb3 c6 7. Nf3 Ne4 8. Be3
Nd7 9. Rc1 Qb6 10. Qxb6 axb6 11. a3 Bf6 12. cxd5 exd5 13. O-O b5 14. Nxe4 fxe4
15. Nd2 Nb6 16. f3 exf3 17. exf3 Kf7 18. g4 Ra4 19. b3 Rxa3 20. Ra1 Rxa1 21.
Rxa1 Re8 22. Nf1 Be7 23. Kf2 Bd6 24. Ng3 g6 25. Bf1 Nd7 26. Ra7 Nb8 27. Ra2 Na6
28. Be2 Nb4 29. Rd2 Bd7 30. Nf1 b6 31. f4 Ra8 32. h4 Ra2 33. Rxa2 Nxa2 34. Bd2
Ba3 35. Ng3 c5 36. Ke3 c4 37. bxc4 bxc4 38. Bf3 Bc6 39. Ne2 b5 40. Ba5 Bd6 41.
Kd2 b4 42. Kc2 b3+ 43. Kb2 Kf6 44. Bd8+ Be7 45. Bc7 Ke6 46. h5 gxh5 47. gxh5
Kf5 48. Ng3+ Ke6 49. Bg4+ Kf7 50. Bf5 Bh4 51. Ne2 h6 1-0

[Event "XII Festival A"]
[Site "Campobasso ITA"]
[Date "2005.07.08"]
[Round "1"]
[White "Fezza, Davide"]
[Black "Mrdja, Milan"]
[Result "0-1"]
[WhiteElo "2062"]
[BlackElo "2352"]
[PlyCount "44"]
[EventDate "2005.07.08"]

1. e4 Nf6 2. e5 Nd5 3. d4 d6 4. c4 Nb6 5. f4 dxe5 6. fxe5 Nc6 7. Be3 Bf5 8. Nc3
e6 9. Nf3 Qd7 10. Be2 O-O-O 11. Qd2 Bg4 12. O-O Bxf3 13. Rxf3 Qe8 14. Bd3 Nxd4
15. Bxd4 Rxd4 16. Qf2 Qd8 17. Nd5 Bc5 18. b4 Rxd3 19. bxc5 Rxf3 20. Qxf3 Nxc4
21. Ne3 Qd4 22. Re1 Nxe5 0-1

[Event "XII Festival A"]
[Site "Campobasso ITA"]
[Date "2005.07.08"]
[Round "1"]
[White "Grimaldi, Pasquale"]
[Black "Borin, Fabio"]
[Result "0-1"]
[WhiteElo "1910"]
[BlackElo "2184"]
[PlyCount "48"]
[EventDate "2005.07.08"]

1. Nf3 d6 2. d4 g6 3. e4 Bg7 4. c3 Nf6 5. Bd3 Nbd7 6. O-O e5 7. dxe5 dxe5 8.
Bc2 O-O 9. Qe2 Qe7 10. Nbd2 a5 11. a4 Bh6 12. Nb3 Bxc1 13. Raxc1 Nh5 14. g3 Nb6
15. Nbd2 Bd7 16. b3 Bh3 17. Rfe1 Rad8 18. Qb5 Qf6 19. Qxa5 Rxd2 20. Nxd2 Rd8
21. Nf1 Qf3 22. Ne3 Rd2 23. Re2 Rxe2 24. Rf1 Rxe3 0-1

[Event "XII Festival A"]
[Site "Campobasso ITA"]
[Date "2005.07.08"]
[Round "1"]
[White "Gromovs, Sergejs"]
[Black "Canelli, Daniele"]
[Result "1-0"]
[WhiteElo "2375"]
[BlackElo "2080"]
[PlyCount "59"]
[EventDate "2005.07.08"]

1. d4 d5 2. Nf3 Nf6 3. c4 e6 4. Nc3 Bb4 5. Qa4+ Nc6 6. Bg5 O-O 7. e3 h6 8. Bh4
Bd7 9. Qc2 Be7 10. a3 a6 11. Bxf6 Bxf6 12. cxd5 exd5 13. Nxd5 Re8 14. Nxf6+
Qxf6 15. Be2 Bf5 16. Qc3 Be4 17. O-O Rad8 18. Nd2 Bd5 19. Bf3 Bxf3 20. Nxf3 Re4
21. h3 g5 22. Rad1 Qf5 23. Nd2 Re7 24. Nb3 Rd6 25. Nc5 Nd8 26. e4 Qg6 27. e5
Rd5 28. f4 g4 29. f5 Qg5 30. Ne4 1-0

[Event "XII Festival A"]
[Site "Campobasso ITA"]
[Date "2005.07.08"]
[Round "1"]
[White "Muolo, Angelo"]
[Black "Ficco, Corrado"]
[Result "0-1"]
[WhiteElo "1873"]
[BlackElo "2170"]
[PlyCount "80"]
[EventDate "2005.07.08"]

1. e4 c5 2. Nf3 e6 3. d4 cxd4 4. Nxd4 Nc6 5. Be2 a6 6. O-O Nge7 7. Nc3 Nxd4 8.
Qxd4 Nc6 9. Qd1 Qc7 10. Be3 d6 11. f4 Be7 12. a3 O-O 13. Qe1 Bf6 14. Rd1 b5 15.
Bf3 Bb7 16. Kh1 Na5 17. Rd3 Nc4 18. Bc1 Rac8 19. g4 g6 20. h4 Bg7 21. g5 Nxa3
22. e5 Bxf3+ 23. Rfxf3 Nxc2 24. Qd2 Nb4 25. Rxd6 Qb7 26. Kg2 Rc6 27. Rd7 Rc7
28. Rd6 Rfc8 29. Kg3 Nd5 30. Nxd5 exd5 31. Rc3 b4 32. Rd3 Rxc1 33. R6xd5 Bf8
34. Rd7 Qb6 35. R3d4 R1c2 36. Qd1 Qc6 37. Rd2 Rxb2 38. e6 fxe6 39. Rxb2 Qc3+
40. Qd3 Qxb2 0-1

[Event "XII Festival A"]
[Site "Campobasso ITA"]
[Date "2005.07.08"]
[Round "1"]
[White "Petruccioli, Antonio"]
[Black "Ortega, Lexy"]
[Result "0-1"]
[WhiteElo "2083"]
[BlackElo "2429"]
[PlyCount "64"]
[EventDate "2005.07.08"]

1. e4 c5 2. Nf3 e6 3. c3 d5 4. exd5 exd5 5. d4 Nc6 6. Be2 Bd6 7. O-O c4 8. Re1
Nge7 9. b3 cxb3 10. axb3 O-O 11. c4 Bf5 12. Nh4 dxc4 13. Nxf5 Nxf5 14. d5 Qf6
15. Ra4 b5 16. Ra6 Nb4 17. Rxd6 Nxd6 18. bxc4 bxc4 19. Be3 Rfe8 20. Bd4 Qg6 21.
Na3 Nd3 22. Rf1 Qe4 23. Be3 Nxf2 24. Rxf2 Qxe3 25. Nxc4 Nxc4 26. Bxc4 Rac8 27.
Bf1 Rc1 28. Qd2 Qxd2 29. Rxd2 Ree1 30. Rf2 Kf8 31. g3 a5 32. Kg2 Rxf1 0-1

[Event "XII Festival A"]
[Site "Campobasso ITA"]
[Date "2005.07.08"]
[Round "1"]
[White "Rossi, Aldo A."]
[Black "Colucci, Stefano"]
[Result "1/2-1/2"]
[WhiteElo "2154"]
[BlackElo "1856"]
[PlyCount "44"]
[EventDate "2005.07.08"]

1. d4 Nf6 2. Nf3 c5 3. d5 e6 4. Nc3 exd5 5. Nxd5 Nxd5 6. Qxd5 d6 7. e4 Nc6 8.
Ng5 Qc7 9. Bb5 Rb8 10. O-O h6 11. Nf3 Be6 12. Qd3 a6 13. Bxc6+ Qxc6 14. b3 Be7
15. Bb2 O-O 16. Rad1 b5 17. Rfe1 Rfd8 18. Qe3 d5 19. exd5 Rxd5 20. Rxd5 Qxd5
21. Qe5 Qxe5 22. Nxe5 Bd6 1/2-1/2

[Event "XII Festival A"]
[Site "Campobasso ITA"]
[Date "2005.07.08"]
[Round "1"]
[White "Sannino, Raffaele"]
[Black "Vuelban, Virgilio"]
[Result "1/2-1/2"]
[WhiteElo "2005"]
[BlackElo "2305"]
[PlyCount "99"]
[EventDate "2005.07.08"]

1. e4 c5 2. Nc3 Nc6 3. g3 g6 4. Bg2 Bg7 5. d3 e6 6. Nge2 Nge7 7. O-O O-O 8. Be3
Nd4 9. Qd2 Nec6 10. f4 d6 11. Nd1 b6 12. c3 Nxe2+ 13. Qxe2 Ba6 14. c4 Bb7 15.
Nc3 Qd7 16. Rae1 Rae8 17. Qd2 Nd4 18. Kh1 f5 19. Bg1 a6 20. h3 b5 21. b3 Bc6
22. Ne2 Qb7 23. Nxd4 cxd4 24. exf5 gxf5 25. Bxc6 Qxc6+ 26. Qg2 Qc5 27. Re2 bxc4
28. bxc4 Qa3 29. Qf3 e5 30. Kg2 e4 31. dxe4 Qxf3+ 32. Kxf3 d3 33. Ree1 Bc3 34.
Re3 Bd2 35. exf5 Bxe3 36. Bxe3 Rxf5 37. Rd1 Ra5 38. Rxd3 Rxa2 39. c5 dxc5 40.
Bxc5 Rc2 41. Bb6 Rc6 42. Ba5 Rc5 43. Bc3 Rec8 44. Be5 Rf8 45. Kg4 Rc6 46. Rd7
Rf7 47. Rd8+ Rf8 48. Rd7 Rf7 49. Rd8+ Rf8 50. Rd7 1/2-1/2

[Event "XII Festival A"]
[Site "Campobasso ITA"]
[Date "2005.07.08"]
[Round "1"]
[White "Strippoli, Michele"]
[Black "Piro, Valerio"]
[Result "0-1"]
[WhiteElo "1808"]
[BlackElo "2102"]
[PlyCount "44"]
[EventDate "2005.07.08"]

1. e4 c6 2. d3 d5 3. Nd2 e5 4. Ngf3 Bd6 5. g3 Nf6 6. Bg2 Bg4 7. h3 Bh5 8. O-O
O-O 9. c3 Nbd7 10. Qc2 Re8 11. Nh4 Bg6 12. a3 Nf8 13. b4 h6 14. f4 exf4 15.
gxf4 Nxe4 16. dxe4 Qxh4 17. Nf3 Qg3 18. f5 Bh5 19. Bd2 dxe4 20. Be1 Qf4 21. Nd4
Qh2+ 22. Kf2 e3# 0-1

[Event "XII Festival A"]
[Site "Campobasso ITA"]
[Date "2005.07.08"]
[Round "1"]
[White "Stromboli, Carlo"]
[Black "Gojani, Mentor"]
[Result "1-0"]
[WhiteElo "2158"]
[BlackElo "1869"]
[PlyCount "65"]
[EventDate "2005.07.08"]

1. e4 e5 2. Nf3 Qf6 3. Bc4 Bc5 4. Nc3 Ne7 5. Na4 Bd6 6. d4 Nbc6 7. Be3 O-O 8.
a3 exd4 9. Nxd4 Qg6 10. O-O Qxe4 11. Nc3 Qh4 12. g3 Qh3 13. Re1 b6 14. Bf1
Qxf1+ 15. Rxf1 Bb7 16. Ndb5 Ne5 17. f4 Nc4 18. Bf2 Nxb2 19. Qe2 Ba6 20. Rfb1 c6
21. Rxb2 cxb5 22. Qd2 Bc5 23. Bxc5 bxc5 24. Qxd7 Nc8 25. Nd5 Nb6 26. Qc6 Rab8
27. Re1 Bb7 28. Ne7+ Kh8 29. Qxb5 c4 30. a4 h6 31. a5 Nd5 32. Nxd5 Bxd5 33.
Qxb8 1-0

[Event "XII Festival A"]
[Site "Campobasso ITA"]
[Date "2005.07.08"]
[Round "1"]
[White "Stromboli, Ettore"]
[Black "Bocci, Alessandro"]
[Result "1-0"]
[WhiteElo "2192"]
[BlackElo "1947"]
[PlyCount "65"]
[EventDate "2005.07.08"]

1. e4 c5 2. Nf3 Nc6 3. d4 cxd4 4. Nxd4 Qc7 5. Be3 e6 6. g3 a6 7. Bg2 Nf6 8. O-O
Be7 9. c4 O-O 10. Nc3 Rb8 11. Rc1 Nxd4 12. Qxd4 d6 13. h3 Bd7 14. Rfd1 Bc6 15.
Nd5 exd5 16. cxd5 Qa5 17. dxc6 bxc6 18. Rxc6 Qxa2 19. Rb6 Qa5 20. b4 Qxb6 21.
Qxb6 Rxb6 22. Bxb6 Rc8 23. Ra1 Nd7 24. Be3 Nb8 25. Bf1 d5 26. exd5 Bxb4 27.
Bxa6 Nxa6 28. Rxa6 Kf8 29. Kg2 Rd8 30. Rb6 Bd6 31. Rxd6 Rxd6 32. Bc5 Ke7 33.
Kf3 1-0

[Event "XII Festival A"]
[Site "Campobasso ITA"]
[Date "2005.07.08"]
[Round "1"]
[White "Vanacore, Francesco"]
[Black "Damia, Angelo"]
[Result "0-1"]
[WhiteElo "1868"]
[BlackElo "2155"]
[PlyCount "78"]
[EventDate "2005.07.08"]

1. e4 e5 2. Nf3 Nc6 3. d4 exd4 4. Nxd4 Qh4 5. Nb5 Qxe4+ 6. Be2 Bb4+ 7. Bd2 Kd8
8. O-O Nf6 9. N1c3 Qg6 10. Bd3 Qh5 11. Be2 Qc5 12. a3 Bxc3 13. Nxc3 Re8 14. b4
Qf8 15. Bg5 h6 16. Bh4 g5 17. Bg3 Ne4 18. Nxe4 Rxe4 19. Bd3 Re8 20. Qf3 f6 21.
Rfe1 Ne7 22. Re2 f5 23. Rae1 d6 24. Bb5 Bd7 25. Qxb7 Bxb5 26. Qxb5 f4 27. Qb7
Kd7 28. Qf3 Nf5 29. Bxf4 gxf4 30. Qxf4 Rxe2 31. Rxe2 Re8 32. Rxe8 Kxe8 33. g4
Nh4 34. Qc4 Qf3 35. Qe6+ Kd8 36. Qg8+ Kd7 37. Qg7+ Kc6 38. b5+ Kb7 39. Kf1 Qd1#
0-1

[Event "XII Festival A"]
[Site "Campobasso ITA"]
[Date "2005.07.08"]
[Round "1"]
[White "Voiska, Margarita"]
[Black "Vincenzi, Marco"]
[Result "1-0"]
[WhiteElo "2328"]
[BlackElo "2053"]
[PlyCount "95"]
[EventDate "2005.07.08"]

1. c4 c5 2. Nc3 Nf6 3. g3 d5 4. cxd5 Nxd5 5. Bg2 Nc7 6. Qa4+ Qd7 7. d3 e5 8.
Nf3 Qxa4 9. Nxa4 Bd7 10. b3 Bc6 11. Bb2 Nd7 12. O-O f6 13. Rac1 Be7 14. Bh3 Rd8
15. Nh4 b6 16. Nf5 Kf7 17. d4 exd4 18. Nxd4 Nb8 19. Nxc6 Nxc6 20. Bg2 Nd4 21.
Rfe1 Rhe8 22. e3 Nde6 23. Nc3 Rd2 24. Re2 Rxe2 25. Nxe2 Rd8 26. Bc3 Nb5 27. Be1
f5 28. a4 Nbc7 29. Nc3 Bf6 30. h4 g6 31. Bf1 Nd5 32. Nxd5 Rxd5 33. Bc4 Rd8 34.
Kg2 Ke7 35. Rb1 a5 36. Kf3 Nc7 37. Ke2 Ne8 38. f3 Nd6 39. Rd1 h6 40. g4 fxg4
41. fxg4 Be5 42. Rd5 Nxc4 43. Rxd8 Kxd8 44. bxc4 h5 45. Kf3 Kd7 46. gxh5 gxh5
47. Bg3 Bf6 48. Ke4 1-0

[Event "XII Festival A"]
[Site "Campobasso ITA"]
[Date "2005.07.08"]
[Round "2"]
[White "Angelillis, Nicola"]
[Black "Attianese, Aniello"]
[Result "1/2-1/2"]
[WhiteElo "1826"]
[BlackElo "1953"]
[PlyCount "53"]
[EventDate "2005.07.08"]

1. e4 e6 2. d3 d5 3. Nd2 Nf6 4. Ngf3 Nc6 5. c3 dxe4 6. dxe4 e5 7. Be2 Bd6 8.
O-O O-O 9. Qc2 Qe7 10. Rd1 a5 11. Nf1 Bc5 12. h3 Be6 13. Be3 Rfd8 14. Ng5 Bxe3
15. Nxe3 Rxd1+ 16. Rxd1 Bd7 17. Nf3 Rd8 18. Bb5 h6 19. Nd5 Nxd5 20. Rxd5 Be8
21. Bxc6 Bxc6 22. Rxd8+ Qxd8 23. Nxe5 Be8 24. Qd3 Qg5 25. Nc4 Bb5 26. b3 Qc1+
27. Kh2 1/2-1/2

[Event "XII Festival A"]
[Site "Campobasso ITA"]
[Date "2005.07.08"]
[Round "2"]
[White "Bocci, Alessandro"]
[Black "Vanacore, Francesco"]
[Result "1/2-1/2"]
[WhiteElo "1947"]
[BlackElo "1868"]
[PlyCount "89"]
[EventDate "2005.07.08"]

1. d4 Nf6 2. Nf3 d5 3. c4 c6 4. cxd5 cxd5 5. Nc3 Nc6 6. Bf4 Bf5 7. e3 e6 8. Bd3
Bxd3 9. Qxd3 Bd6 10. Bxd6 Qxd6 11. O-O Rc8 12. Rfe1 O-O 13. Rad1 Rfd8 14. a3
Na5 15. e4 dxe4 16. Nxe4 Nxe4 17. Qxe4 Qd5 18. Qxd5 Rxd5 19. Rc1 Nc6 20. Re5
Rcd8 21. Rxd5 Rxd5 22. Kf1 f6 23. Rc5 Rd7 24. b4 a6 25. b5 axb5 26. Rxb5 g5 27.
h3 h5 28. g4 hxg4 29. hxg4 Nxd4 30. Nxd4 Rxd4 31. Rxb7 Rxg4 32. Ra7 Kf8 33. a4
Ke8 34. a5 Ra4 35. a6 Kd8 36. Kg2 f5 37. Kg3 Ra3+ 38. Kg2 g4 39. Ra8+ Kc7 40.
a7 Kb7 41. Re8 Rxa7 42. Rxe6 Ra3 43. Rf6 Rf3 44. Re6 Kc7 45. Rg6 1/2-1/2

[Event "XII Festival A"]
[Site "Campobasso ITA"]
[Date "2005.07.08"]
[Round "2"]
[White "Borin, Fabio"]
[Black "Stromboli, Carlo"]
[Result "1-0"]
[WhiteElo "2184"]
[BlackElo "2158"]
[PlyCount "91"]
[EventDate "2005.07.08"]

1. e4 e5 2. Nf3 Nc6 3. Nc3 Nf6 4. d4 exd4 5. Nxd4 Nxe4 6. Nxe4 Qe7 7. f3 d5 8.
Nxc6 bxc6 9. Bd3 dxe4 10. fxe4 Be6 11. O-O Qc5+ 12. Kh1 Bd6 13. b3 O-O 14. Bb2
Qg5 15. Qf3 Bg4 16. Qf2 Rae8 17. Qxa7 Re6 18. e5 Bxe5 19. Bxe5 Qxe5 20. Qf2 Rh6
21. Qf4 Qh5 22. Rae1 Rd6 23. Re5 Qh4 24. Rg5 h5 25. Bc4 Kh8 26. Qe5 f6 27. Qe7
Qxg5 28. Qxf8+ Kh7 29. Qg8+ Kh6 30. Bd3 f5 31. Qh8+ Kg6 32. h3 Qh4 33. Qe8+ Kh6
34. Kg1 Rf6 35. hxg4 Qxg4 36. Qe3+ f4 37. Qf3 Qg5 38. Qe4 g6 39. a4 Qc5+ 40.
Rf2 Qd6 41. a5 f3 42. Qe3+ Kg7 43. a6 Re6 44. Qxf3 Qe5 45. Qf7+ Kh8 46. a7 1-0

[Event "XII Festival A"]
[Site "Campobasso ITA"]
[Date "2005.07.08"]
[Round "2"]
[White "Canelli, Daniele"]
[Black "Ragnoni, Edoardo"]
[Result "0-1"]
[WhiteElo "2080"]
[BlackElo "1802"]
[PlyCount "96"]
[EventDate "2005.07.08"]

1. d4 Nf6 2. c4 e6 3. Nc3 d5 4. Nf3 Be7 5. Bf4 O-O 6. e3 c6 7. c5 Nbd7 8. h3
Qa5 9. Bd3 b6 10. Bc7 Qb4 11. Qc2 bxc5 12. dxc5 Nxc5 13. O-O Nxd3 14. Qxd3 a5
15. Be5 Ba6 16. Qc2 Bxf1 17. Rxf1 Rfc8 18. a3 Qb7 19. Ng5 h6 20. Nf3 c5 21. a4
Nd7 22. Bg3 Qb4 23. Nb5 c4 24. Nfd4 Nc5 25. Nc7 Qxa4 26. Nxa8 Qxc2 27. Nxc2
Rxa8 28. Nd4 Bf6 29. Bd6 Nd3 30. Rb1 a4 31. Kf1 Ra6 32. Ba3 Rb6 33. Ke2 e5 34.
Nf3 e4 35. Nd4 Bxd4 36. exd4 c3 37. Kd1 Nxf2+ 38. Kc2 cxb2 39. Rxb2 Rxb2+ 40.
Bxb2 f5 41. Bc3 Kf7 42. Kd2 g5 43. Ke2 Nd3 44. Kd2 Ke6 45. Ke2 g4 46. Kd2 a3
47. Ke2 Nc1+ 48. Kd1 Nb3 0-1

[Event "XII Festival A"]
[Site "Campobasso ITA"]
[Date "2005.07.08"]
[Round "2"]
[White "Damia, Angelo"]
[Black "Stromboli, Ettore"]
[Result "1/2-1/2"]
[WhiteElo "2155"]
[BlackElo "2192"]
[PlyCount "92"]
[EventDate "2005.07.08"]

1. e4 e6 2. d4 d5 3. Nc3 Bb4 4. exd5 exd5 5. Qf3 Ne7 6. Bg5 Be6 7. O-O-O Qd7 8.
h3 h6 9. Bxe7 Bxe7 10. Nge2 c6 11. Nf4 Bg5 12. Kb1 O-O 13. Be2 Qd6 14. g3 Bxf4
15. gxf4 Bf5 16. Qh5 Qg6 17. Qxg6 fxg6 18. Rhg1 Nd7 19. Bg4 Kh7 20. Rde1 Bxg4
21. Rxg4 Nf6 22. Rgg1 Rae8 23. Re5 Nd7 24. Rxe8 Rxe8 25. Kc1 Nf6 26. Kd2 Ne4+
27. Nxe4 Rxe4 28. c3 Rxf4 29. Ke3 Re4+ 30. Kf3 g5 31. b4 Kg6 32. a4 Kf5 33. Rd1
h5 34. b5 g4+ 35. hxg4+ hxg4+ 36. Kg3 Re2 37. bxc6 bxc6 38. c4 Ra2 39. cxd5
cxd5 40. Re1 Ra3+ 41. Kg2 Rxa4 42. Re5+ Kf4 43. Rxd5 Ke4 44. Rg5 Rxd4 45. Rxg4+
Ke5 46. Rxg7 Ra4 1/2-1/2

[Event "XII Festival A"]
[Site "Campobasso ITA"]
[Date "2005.07.08"]
[Round "2"]
[White "Ficco, Corrado"]
[Black "Capuano, Eugenio"]
[Result "1/2-1/2"]
[WhiteElo "2170"]
[BlackElo "2173"]
[PlyCount "76"]
[EventDate "2005.07.08"]

1. e4 c5 2. Nf3 Nc6 3. d4 cxd4 4. Nxd4 e5 5. Nb5 d6 6. c4 Be7 7. Be2 f5 8. exf5
Bxf5 9. N1c3 a6 10. Na3 Nf6 11. Bg5 O-O 12. O-O Nd4 13. Be3 Nxe2+ 14. Qxe2 Rc8
15. Bg5 Qe8 16. Rad1 Rc6 17. Bxf6 Bxf6 18. Nd5 Bd8 19. Nb1 Bb6 20. Nxb6 Rxb6
21. Nc3 Rc6 22. Nd5 Be6 23. b3 Rc5 24. Ne3 Qe7 25. Rd2 b5 26. cxb5 axb5 27.
Rfd1 Rd8 28. Nd5 Qb7 29. Qe4 Bxd5 30. Rxd5 Rxd5 31. Qxd5+ Qxd5 32. Rxd5 b4 33.
Kf1 Kf7 34. Rb5 Ra8 35. Rxb4 Rxa2 36. Rb7+ Kf6 37. Rd7 Ra6 38. Ke2 Rb6 1/2-1/2

[Event "XII Festival A"]
[Site "Campobasso ITA"]
[Date "2005.07.08"]
[Round "2"]
[White "Fioravanti, Diego"]
[Black "D'Innocente, Stefano"]
[Result "1-0"]
[WhiteElo "2150"]
[BlackElo "2276"]
[PlyCount "33"]
[EventDate "2005.07.08"]

1. d4 Nf6 2. Nf3 e6 3. Bf4 c5 4. e3 b6 5. Be2 Bb7 6. O-O Be7 7. Nbd2 cxd4 8.
exd4 O-O 9. h3 d6 10. c3 Nbd7 11. Re1 Rc8 12. Nf1 Re8 13. Bd3 Bf8 14. Ng3 Rc7
15. Ng5 Rc8 16. Qc2 h6 17. Bh7+ 1-0

[Event "XII Festival A"]
[Site "Campobasso ITA"]
[Date "2005.07.08"]
[Round "2"]
[White "Gojani, Mentor"]
[Black "Grimaldi, Pasquale"]
[Result "0-1"]
[WhiteElo "1869"]
[BlackElo "1910"]
[PlyCount "50"]
[EventDate "2005.07.08"]

1. d4 Nf6 2. Bf4 g6 3. Nc3 c6 4. Qd2 Bg7 5. O-O-O d5 6. f3 O-O 7. g4 b5 8. h4
Qa5 9. h5 b4 10. Nb1 Qxa2 11. hxg6 fxg6 12. Bh6 Rf7 13. Bxg7 Rxg7 14. Nh3 Nbd7
15. Nf4 Nb6 16. e3 a5 17. g5 Ne8 18. Bd3 Nd6 19. Qh2 Nbc4 20. c3 Rb8 21. Nxg6
bxc3 22. Nxe7+ Rxe7 23. bxc3 Rxb1+ 24. Bxb1 Qa3+ 25. Kc2 Qb2+ 0-1

[Event "XII Festival A"]
[Site "Campobasso ITA"]
[Date "2005.07.08"]
[Round "2"]
[White "Leveque, Sergio"]
[Black "Voiska, Margarita"]
[Result "0-1"]
[WhiteElo "2109"]
[BlackElo "2328"]
[PlyCount "80"]
[EventDate "2005.07.08"]

1. c4 b6 2. Nc3 c5 3. e4 Bb7 4. Nge2 Nc6 5. d3 g6 6. g3 Bg7 7. Bg2 d6 8. Be3
Nd4 9. Rb1 Nh6 10. h3 Nhf5 11. Bd2 Nxe2 12. Nxe2 Nd4 13. Be3 Nxe2 14. Qxe2 Qd7
15. h4 h5 16. b3 e6 17. Bc1 f5 18. Bg5 Bc3+ 19. Kf1 Kf7 20. Qc2 Bd4 21. Re1
Rae8 22. Bc1 Kg7 23. Bb2 e5 24. Bh3 Qe7 25. Kg2 Rhf8 26. Rhf1 f4 27. Bxd4 exd4
28. Qd2 Qe5 29. a3 Bc8 30. Bxc8 Rxc8 31. a4 Rc7 32. f3 Rcf7 33. Qf2 Kh6 34. Qd2
Kh7 35. Qe2 Kg8 36. Qd2 fxg3 37. Qg5 Qxg5 38. hxg5 h4 39. Re2 Rf4 40. Rfe1 Re8
0-1

[Event "XII Festival A"]
[Site "Campobasso ITA"]
[Date "2005.07.08"]
[Round "2"]
[White "Ljubisavljevic, Zivojin Z."]
[Black "Cappai, Davide"]
[Result "1-0"]
[WhiteElo "2261"]
[BlackElo "2115"]
[PlyCount "52"]
[EventDate "2005.07.08"]

1. d4 g6 2. e4 Bg7 3. c3 d6 4. f4 c6 5. Nf3 Nf6 6. Nbd2 O-O 7. e5 Nd5 8. Ne4
Nb6 9. Be2 f6 10. exf6 exf6 11. O-O f5 12. Nf2 Kh8 13. h4 h5 14. Ng5 Qf6 15.
Re1 Bd7 16. a4 d5 17. Nd3 Bh6 18. Ne5 Be8 19. Qb3 Bxg5 20. fxg5 Qg7 21. Bf4 Kh7
22. a5 Nc8 23. a6 b6 24. Bf3 Qg8 25. Qa3 Qg7 26. Nd3 Qd7 1-0

[Event "XII Festival A"]
[Site "Campobasso ITA"]
[Date "2005.07.08"]
[Round "2"]
[White "Mrdja, Milan"]
[Black "Cordi', Domenico"]
[Result "1-0"]
[WhiteElo "2352"]
[BlackElo "2086"]
[PlyCount "91"]
[EventDate "2005.07.08"]

1. e4 c5 2. Nf3 e6 3. d4 cxd4 4. Nxd4 Nf6 5. Nc3 d6 6. g4 a6 7. g5 Nfd7 8. Be3
Be7 9. Rg1 Nc6 10. h4 Qc7 11. Qg4 Nb6 12. Qg3 Ne5 13. O-O-O Nec4 14. f4 Nxe3
15. Qxe3 Bd7 16. f5 e5 17. Nb3 O-O-O 18. Bd3 Kb8 19. Kb1 f6 20. Qe2 Be8 21. Nd5
Nxd5 22. exd5 Rc8 23. Nd2 Bd7 24. Rdf1 fxg5 25. hxg5 Rcg8 26. a3 Qc8 27. Qe4
Rf8 28. Nc4 Qd8 29. g6 Rf6 30. gxh7 Rxh7 31. Qe1 Bf8 32. Rg6 Be8 33. Rg4 Bb5
34. Ne3 Bxd3 35. cxd3 Rh3 36. Rg3 Rfh6 37. Rxh3 Rxh3 38. Rh1 Rxh1 39. Qxh1 Qf6
40. Qh5 Ka7 41. Nc4 Be7 42. a4 Bd8 43. Kc2 b5 44. axb5 axb5 45. Na3 b4 46. Nc4
1-0

[Event "XII Festival A"]
[Site "Campobasso ITA"]
[Date "2005.07.08"]
[Round "2"]
[White "Ortega, Lexy"]
[Black "Di Carlo, Romeo"]
[Result "1-0"]
[WhiteElo "2429"]
[BlackElo "2085"]
[PlyCount "33"]
[EventDate "2005.07.08"]

1. d4 d5 2. Nf3 Nf6 3. c4 c6 4. e3 g6 5. Nc3 Bg7 6. h3 O-O 7. Bd3 Nbd7 8. O-O
dxc4 9. Bxc4 c5 10. Bb3 cxd4 11. exd4 b6 12. Re1 h6 13. Ne5 Nxe5 14. dxe5 Qxd1
15. Rxd1 Nh7 16. f4 Ba6 17. Nd5 1-0

[Event "XII Festival A"]
[Site "Campobasso ITA"]
[Date "2005.07.08"]
[Round "2"]
[White "Palladino, Andrea"]
[Black "Sannino, Raffaele"]
[Result "1/2-1/2"]
[WhiteElo "1814"]
[BlackElo "2005"]
[PlyCount "37"]
[EventDate "2005.07.08"]

1. e4 e5 2. f4 Bc5 3. Nf3 d6 4. Bc4 Nf6 5. b4 Bb6 6. d3 O-O 7. Nc3 Nc6 8. Na4
Bg4 9. Nxb6 axb6 10. c3 exf4 11. Bxf4 Ne5 12. Bxe5 dxe5 13. O-O Qd6 14. Qc2 b5
15. Bb3 Rad8 16. Rad1 Bxf3 17. Rxf3 Ng4 18. Qe2 Qb6+ 19. Kh1 1/2-1/2

[Event "XII Festival A"]
[Site "Campobasso ITA"]
[Date "2005.07.08"]
[Round "2"]
[White "Petruccioli, Antonio"]
[Black "Strippoli, Michele"]
[Result "1-0"]
[WhiteElo "2083"]
[BlackElo "1808"]
[PlyCount "57"]
[EventDate "2005.07.08"]

1. e4 e6 2. d4 d5 3. e5 c5 4. c3 Nc6 5. Nf3 Qb6 6. a3 c4 7. g3 Bd7 8. Bh3 Na5
9. Nbd2 Nb3 10. Nxb3 Ba4 11. O-O Bxb3 12. Qe2 Ne7 13. Ng5 h6 14. Nf3 O-O-O 15.
Nh4 g5 16. Ng2 Ng6 17. f4 gxf4 18. Nxf4 Rg8 19. Nh5 Bg7 20. Rxf7 Bxe5 21. Be3
Bc7 22. Bxh6 Kb8 23. Bxe6 Rde8 24. Re1 Rh8 25. Nf6 Ba4 26. Bg7 Ne5 27. Bxh8
Qxe6 28. Nxe8 Qxf7 29. Bxe5 1-0

[Event "XII Festival A"]
[Site "Campobasso ITA"]
[Date "2005.07.08"]
[Round "2"]
[White "Piro, Valerio"]
[Black "Gromovs, Sergejs"]
[Result "0-1"]
[WhiteElo "2102"]
[BlackElo "2375"]
[PlyCount "83"]
[EventDate "2005.07.08"]

1. Nf3 Nf6 2. c4 g6 3. Nc3 Bg7 4. g3 O-O 5. Bg2 d6 6. O-O a6 7. d3 c6 8. Bd2
Nbd7 9. Rb1 e5 10. b4 Qe7 11. Ne1 Re8 12. a4 Nf8 13. b5 axb5 14. axb5 c5 15.
Bg5 Be6 16. Qd2 Qd7 17. Nc2 Bh3 18. Bxf6 Bxf6 19. Nd5 Bd8 20. Ra1 Rb8 21. Qh6
Bxg2 22. Kxg2 f6 23. h4 Qf7 24. Rh1 Ne6 25. h5 g5 26. Nce3 f5 27. Kf1 g4 28.
Nxf5 Qxf5 29. Ne3 Qf7 30. Nxg4 Bg5 31. Qxg5+ Nxg5 32. Nh6+ Kg7 33. Nxf7 Kxf7
34. Ra7 e4 35. Rh4 exd3 36. exd3 Re7 37. Rf4+ Kg7 38. d4 Ne4 39. dxc5 dxc5 40.
Rxe4 Rxe4 41. Kg2 Kf6 42. b6 0-1

[Event "XII Festival A"]
[Site "Campobasso ITA"]
[Date "2005.07.08"]
[Round "2"]
[White "Ragnoni, Alessandro"]
[Black "Rossi, Aldo A."]
[Result "0-1"]
[WhiteElo "2086"]
[BlackElo "2154"]
[PlyCount "46"]
[EventDate "2005.07.08"]

1. e4 c5 2. Nf3 Nc6 3. d4 cxd4 4. Nxd4 g6 5. Nc3 Bg7 6. Be3 Nf6 7. Bc4 O-O 8.
Bb3 d6 9. f3 Bd7 10. Qd2 Qa5 11. h4 Rfc8 12. h5 Nxh5 13. g4 Nf6 14. O-O-O Ne5
15. Bh6 Bxh6 16. Qxh6 Rxc3 17. bxc3 Qxc3 18. Kb1 Rc8 19. g5 Nh5 20. Rxh5 gxh5
21. g6 hxg6 22. Nf5 Bxf5 23. exf5 Nc4 0-1

[Event "XII Festival A"]
[Site "Campobasso ITA"]
[Date "2005.07.08"]
[Round "2"]
[White "Scagliarini, Bruno"]
[Black "Cioce, Enrico"]
[Result "0-1"]
[WhiteElo "1992"]
[BlackElo "1840"]
[PlyCount "134"]
[EventDate "2005.07.08"]

1. c4 e5 2. Nc3 Nf6 3. g3 c6 4. d4 e4 5. Bg2 d5 6. b3 Bb4 7. Bb2 O-O 8. e3 Be6
9. c5 Na6 10. Nge2 b6 11. cxb6 axb6 12. O-O Bd6 13. a3 Nc7 14. b4 Qd7 15. Na4
Rfb8 16. Qc2 Bg4 17. Nac3 Ne6 18. Kh1 Ng5 19. Ng1 Qf5 20. f3 exf3 21. Qxf5 Bxf5
22. Nxf3 Nxf3 23. Bxf3 Bd3 24. Rfe1 Re8 25. Kg2 Re6 26. Rac1 Rae8 27. Nd1 Bb5
28. Kf2 h5 29. Nc3 Bc4 30. h3 b5 31. Nb1 Ne4+ 32. Bxe4 dxe4 33. Nd2 Bd3 34. Kg2
Rg6 35. g4 hxg4 36. Rxc6 gxh3+ 37. Kh1 Ree6 38. d5 Re8 39. Rg1 Rxg1+ 40. Kxg1
Rd8 41. Bd4 Bg3 42. Nf1 Bxf1 43. Kxf1 Rxd5 44. Rc5 Rd6 45. Rxb5 Rg6 46. Rh5 h2
47. b5 Bb8 48. Kf2 Rg1 49. a4 h1=Q 50. Rxh1 Rxh1 51. b6 Rb1 52. a5 Rb5 53. a6
Ra5 54. a7 Bxa7 55. bxa7 g5 56. Kg3 f5 57. Bb6 Ra6 58. Kf2 Kf7 59. Ke2 Ke6 60.
Kd2 Kd5 61. Kc3 Kc6 62. Bd4 Kb7 63. Kc4 f4 64. exf4 gxf4 65. Kd5 e3 66. Ke5 e2
67. Bf2 Ra1 0-1